[Event "Tata Steel-A 81st"]
[Site "Wijk aan Zee"]
[Date "2019.01.16"]
[Round "5"]
[White "Radjabov, Teimour"]
[Black "Duda, Jan Krzysztof"]
[Result "1/2-1/2"]
[WhiteElo "2757"]
[BlackElo "2738"]
[Annotator "Howell,David"]
[PlyCount "60"]
[EventDate "2019.01.12"]
[EventType "tourn"]
[EventRounds "13"]
[EventCountry "NED"]
[EventCategory "21"]
[SourceTitle "CBM 188"]
[Source "ChessBase"]
[SourceDate "2018.12.21"]
[SourceVersion "1"]
[SourceVersionDate "2018.12.21"]
[SourceQuality "1"]

1. e4 e5 2. Bc4 Nf6 3. d3 c6 4. Nf3 d5 5. Bb3 Bb4+ 6. Bd2 Bxd2+ 7. Qxd2 {
This is the most tricky of White's two continuations. It also scores better
than the alternative.} (7. Nbxd2 {is equally popular and was chosen by Carlsen
in his game against Caruana from Norway in 2018:} a5 8. c3 Nbd7 9. exd5 cxd5
10. O-O O-O 11. Re1 Re8 12. Nf1 b5 13. a4 b4 14. cxb4 axb4 15. Ne3 Bb7 16. d4
e4 17. Ne5 Nxe5 18. dxe5 Rxe5 19. Qd4 Re7 20. Rac1 $14 {with good compensation
for the pawn in Carlsen-Caruana, Norway Chess 2018 (1-0)}) 7... a5 {A common
idea, although it is unclear whether the insertion of the a-pawn moves is
beneficial for Black.} (7... Qd6 {and}) (7... O-O {are both more popular than
the text.}) 8. a4 O-O ({It is worth pointing out that the natural} 8... dxe4 $6
{is a mistake due to very concrete reasons:} 9. Nxe5 O-O 10. Nxf7 $1 Rxf7 11.
dxe4 Qe7 12. Bxf7+ Kxf7 13. f3 $14 {and the material imbalance should favour
White.}) 9. exd5 Nxd5 {After this, Black must play extremely accurately to
maintain the balance.} (9... cxd5 $1 {leads to some fascinating variations
which would justify the inclusion of 7...a5:} 10. Nxe5 Nc6 $1 ({not} 10... Re8
$6 {which leads to a safe advantage for White with natural moves:} 11. d4 Nc6
12. O-O Nxe5 13. dxe5 Rxe5 14. Nc3 $14) 11. d4 (11. Nxc6 Re8+ $36 {is awkward
to meet.}) 11... Qb6 12. Nxc6 bxc6 13. O-O Ne4 {and Black's active pieces give
him sufficient compensation for the pawn. For example:} 14. Qd1 Rb8 15. Nc3 Nd6
$1 16. Qd2 Nf5 17. Rad1 Ba6 18. Rfe1 Rfe8 $44 {White's bishop on b3 is poor
and the d4-pawn is weak. Black's compensation is undeniable.}) 10. O-O f6 11.
h3 Be6 $6 {Allowing a dangerous initiative.} (11... c5 {looks slightly
counterintuitive, but seems to be Black's best chance to equalise. The idea is
simply to prevent any central pawns (as seen in the game). Surprisingly, White
may continue as if nothing happened:} 12. d4 $5 (12. Nc3 Be6 $11) 12... cxd4
13. Nxd4 $1 Nc6 $1 (13... exd4 14. Qxd4 Be6 15. Rd1 Nc6 16. Qe4 Re8 17. Nc3 $1
$14 {and White will regain his piece thanks to the many pins.}) 14. Nxc6 bxc6
15. Nc3 Be6 16. Rfd1 Rb8 $11 {and it appears that any simplifications should
lead to a draw.}) 12. d4 {Seizing the moment.} e4 13. Re1 $1 {The point behind
White's last.} Bxh3 (13... Bf5 {would have been a tricky idea:} 14. Nh4 (14.
Qf4 $1 Bg6 15. Nh4 f5 16. Nxg6 hxg6 17. Na3 $14) 14... Bc8 {with double-edged
play, for example:} 15. Rxe4 $2 f5) (13... f5 $6 14. Ng5 $14 {is simply better
for White.}) 14. Rxe4 $14 Bf5 15. Re2 Kh8 16. Nc3 b6 {This makes sense, but
again Black's plan is very slow.} (16... Bg4 {would have been an interesting
try}) ({while} 16... Na6 17. Rae1 Nac7 {would have kept White's advantage to a
minimum.}) 17. Rae1 Ra7 18. Nxd5 cxd5 19. Qf4 Bg6 20. c3 Rd7 21. Nh4 Bh5 (21...
Be4 $2 {would have fallen into a well-known tactical motif:} 22. Rxe4 $1 dxe4
$2 (22... g5 23. Qh2 dxe4 24. Ng6+ Kg7 25. Nxf8 Qxf8 26. Rxe4 $18) 23. Ng6+ $1
hxg6 24. Qh4#) 22. Re3 $6 {The first blemish. Radjabov starts to err.} (22. g4
$5 {is difficult to play for a human. It feels that White's advantage can be
nurtured without the need for such risks. However, this was the moment to
strike.} Bf7 (22... g5 23. Qh2 gxh4 24. gxh5 $18 {is hard to evaluate at first,
but White's more active pieces ensure a decisive advantage.}) 23. Nf5 $16 {
and White will soon drum up a big attack.}) (22. Qh2 $1 {is also strong,
eyeing up the black king from afar:} Bxe2 23. Ng6+ Kg8 24. Nxf8 Kxf8 25. Qxh7
$1 Qe8 26. Qh8+ Kf7 27. Qxe8+ Kxe8 28. Rxe2+ Kf7 29. f4 $16 {with a healthy
extra pawn.}) 22... g5 $1 {Duda doesn't miss his chance to activate his pieces.
} 23. Qf5 Nc6 24. Nf3 Ne7 25. Qb1 {A sign that things have not gone according
to plan. White is forced to retreat.} Ng6 26. Bc2 Rg7 27. Bf5 {Feeling the
tide beginning to turn and lacking a productive plan, Radjabov decides to
repeat moves.} (27. Nh2 $1 $14 {would preserve some advantage, aiming to bring
the knight to fresher pastures.}) 27... Ne7 28. Bd3 Ng6 29. Bf5 (29. Nh2 $14)
29... Ne7 30. Bd3 Ng6 1/2-1/2

[Event "Tata Steel-A 81st"]
[Site "Wijk aan Zee"]
[Date "2019.01.18"]
[Round "6"]
[White "Ding, Liren"]
[Black "Radjabov, Teimour"]
[Result "1/2-1/2"]
[WhiteElo "2813"]
[BlackElo "2757"]
[Annotator "Fernandez,D"]
[PlyCount "149"]
[EventDate "2019.01.12"]
[EventType "tourn"]
[EventRounds "13"]
[EventCountry "NED"]
[EventCategory "21"]
[SourceTitle "CBM 188"]
[Source "ChessBase"]
[SourceDate "2018.12.21"]
[SourceVersion "1"]
[SourceVersionDate "2018.12.21"]
[SourceQuality "1"]

1. Nf3 d5 2. g3 Nf6 3. Bg2 e6 4. O-O Be7 5. d4 O-O 6. c4 dxc4 7. Qc2 a6 8. Qxc4
b5 9. Qc2 Bb7 10. Bd2 {The 'Kramnik line'.} Be4 (10... Ra7 11. Rc1 Be4 12. Qb3
Nc6 (12... Bd5 13. Qe3 Nbd7 14. Ba5 Bd6 15. Nc3 Bb7 16. Ng5 Bxg2 17. Kxg2 Qa8+
18. Qf3 Qxf3+ 19. Kxf3 $36 {Hammer,J-Ivanchuk,V Plovdiv 2010}) 13. e3 Qa8 14.
Qd1 b4 15. Be1 (15. Qf1 $5 {attracted some attention a while back, as a result
of some games from Giri and others.}) 15... Bd5 16. Nbd2 Nb8 17. Nh4 Bxg2 18.
Nxg2 Nbd7 19. Qf3 Qxf3 20. Nxf3 c5 21. Nf4 $14 {Damljanovic,B-Efimenko,Z
Zlatibor 2007}) (10... Nbd7 11. Ba5 Rc8 12. Nbd2 $14) 11. Qc1 Bb7 12. Rd1 Qc8
13. Ba5 c5 14. dxc5 Bxc5 ({The high-level precedent is a game between another
Chinese player and another early post-Soviet grandmaster.} 14... Qxc5 15. Qxc5
Bxc5 16. Nbd2 Rc8 17. Rac1 Nbd7 18. Ne5 Bxg2 19. Nxd7 Nxd7 20. Kxg2 $14 {
Wang,Y-Ponomariov,R Medias 2010}) 15. Nbd2 Nbd7 16. Nb3 Ba7 17. Qf4 Nb6 (17...
Bd5 {followed by ...Qb7 might have given White a little bit less to nibble on.}
) 18. Bxb6 Bxb6 19. Rac1 Qe8 20. Ne5 Bxg2 21. Kxg2 Rd8 22. Rxd8 Qxd8 23. Qf3
Qd6 24. Nd3 {It is hard to dispute that White has something, based on the
c-file, but actually improving his play to prosecute that advantage is another
matter.} Nd5 25. Nbc5 a5 26. Ne4 Qb8 27. h4 h6 28. b3 b4 29. Rc4 Rd8 30. g4 Ne7
31. g5 Ng6 32. Qg3 Qxg3+ 33. fxg3 Ne7 34. g4 hxg5 35. Nxg5 Nd5 36. Kf3 Be3 37.
Ne4 g6 38. Nf6+ Nxf6 39. Kxe3 Nd5+ 40. Kf3 Kg7 41. g5 Rh8 42. e3 Nb6 43. Rd4
Nd5 44. Ne5 f6 45. Nc4 fxg5 46. hxg5 Rf8+ 47. Kg4 Rf2 {Now this is dead level.
Black has played precisely, and proven once more the truism that +/= just
means there is a different level of demand on the two players in order to make
a draw.} 48. e4 Nc3 49. Rd7+ Rf7 50. Rxf7+ Kxf7 51. Nxa5 Nxa2 52. Kf4 Nc1 53.
Ke3 e5 54. Kd2 Na2 55. Kd3 Ke6 56. Nb7 Nc3 57. Nd8+ Kd6 58. Nf7+ Ke6 59. Nd8+
Kd6 60. Nf7+ Ke6 61. Nh8 Nd1 62. Ke2 Nc3+ 63. Kd3 Nd1 64. Nxg6 Nf2+ 65. Ke3 Nh3
66. Nf8+ Ke7 67. Nh7 Kf7 68. Kf3 Kg6 69. Nf8+ Kf7 70. Nd7 Nxg5+ 71. Ke3 Ke6 72.
Nb6 Kd6 73. Nc4+ Ke6 74. Nb2 Kd6 75. Nc4+ 1/2-1/2

[Event "Tata Steel-A 81st"]
[Site "Wijk aan Zee"]
[Date "2019.01.19"]
[Round "7"]
[White "Radjabov, Teimour"]
[Black "Vidit, Santosh Gujrathi"]
[Result "1-0"]
[WhiteElo "2757"]
[BlackElo "2695"]
[Annotator "Yermolinsky,A"]
[PlyCount "71"]
[EventDate "2019.01.12"]
[EventType "tourn"]
[EventRounds "13"]
[EventCountry "NED"]
[EventCategory "21"]
[SourceTitle "CBM 188"]
[Source "ChessBase"]
[SourceDate "2018.12.21"]
[SourceVersion "1"]
[SourceVersionDate "2018.12.21"]
[SourceQuality "1"]

1. d4 Nf6 2. c4 e6 3. Nf3 d5 4. Nc3 Bb4 5. Qa4+ {In search of a new weapon
against the Ragozin defence, White revisits the 1930's theory.} ({Both} 5. Bg5)
({and} 5. cxd5 exd5 6. Bg5 {are topical.}) 5... Nc6 {It's all about the
placement of the black knight ahead of its c-pawn, which according to the
classical principles of the Queens Gambit puts Black in disadvantage.
Vyacheslav Ragozin made an important contribution by arguing the point.} 6. e3
O-O 7. Qc2 {[#] Sooner or later White has to return the queen to her proper
spot, so it can be done right away.} (7. Bd2 {is best answered by the immediate
} dxc4 $1 8. Bxc4 Bd6 {getting ready for e6-e5, which is the main idea in the
Ragozin.} 9. O-O e5 10. h3 a6 11. Qc2 exd4 12. exd4 b5 $1 13. Be2 Nb4 14. Qd1
Bb7 {Yermolinsky-D.Zilberstein, San Francisco 2007}) 7... Re8 {Vidit settles
on one of the most popular choices.} ({Others include} 7... dxc4 {which may
eventually transpose to the game,}) (7... Ne7 {which I view as admission of
guilt, as Black is trying to reposition the "badly placed" knight,}) ({and,
finally my personal favorite} 7... b6) 8. Bd2 Bd6 {Black's idea is to wait for
the white light-squared bishop to come out before taking on c4. I wonder if
it's worth the trouble.} 9. h3 ({The point of Black's early rook move is
visible after} 9. c5 Bf8 {where the threat of e6-e5 forces White into} 10. Bb5
Bd7 11. Bxc6 Bxc6 12. Ne5 {which, incidentally, might not be so bad for him.})
9... a6 10. a3 Bd7 11. Be2 dxc4 12. Bxc4 h6 {[#] So, Black has won a local
battle for a tempo (Bf1-e2xc4), but what are his accomplishments? The Bd7 move
might have made sense when the white queen was on a4, but now it looks like a
waste of time. In the meantime, thanks to the Re8 move Black must guard the
g5-square before moving the e-pawn forward.} 13. g4 $3 {No matter what your
engines say I absolutely admire Radjabov's concept. If Black can be punished
for his opening transgressions it must be done in a resolute fashion.} (13. O-O
e5 14. Rae1 Qe7 15. Nh4 {Aronian-Giri, 2017}) 13... e5 {A classic strategy of
meeting a flank attack with counterstrike in the centre, but it's wrought with
dangers of opening the diagonal for the white bishop.} (13... b5 14. Ba2 b4 {
deserved attention.}) 14. g5 b5 ({Here and on the next move Vidit should have
tried a a piece sacrifice:} 14... Nxd4 15. exd4 exd4+ 16. Ne2 b5 17. Bd3 hxg5
18. Nxg5 c5) 15. Ba2 exd4 {This will meet with a devastating response. [#]} ({
Still,} 15... Nxd4 16. exd4 exd4+ 17. Ne2 Qe7 18. Nfxd4 hxg5 {was there for
the taking.}) 16. gxh6 $3 {Guess who's coming to dinner - White threatens Qg6!}
dxc3 ({The only way to deal with it was} 16... Bf4 17. O-O-O Bxh6 (17... dxc3
18. exf4 cxd2+ 19. Rxd2 Qe7 20. Qg6 {is White's signature attacking line.}) 18.
exd4 Bxd2+ 19. Qxd2 {and now counterattack -} b4 $1) 17. Bxc3 Be6 ({Now} 17...
Bf4 18. Qg6 Bxh6 {still saves the king, but at the cost of a piece.} 19. Rd1 $1
({Not} 19. O-O-O Qe7 20. Bxf6 {as} Qc5+ 21. Bc3 Be6 {turns the tables.}) 19...
Qe7 20. Bxf6 Qxf6 21. Qxf6 gxf6 22. Rxd7 {with large advantage to White.}) 18.
Bxe6 ({Aesthetically White doesn't want to put his rook on a2, but} 18. Rg1
Bxa2 19. Rxg7+ Kf8 20. Rxa2 Be5 21. Ng5 {actually works for him.}) 18... Rxe6
19. Rg1 {[#]} Ne8 {Clearing out that square was one of the ideas of 17...Be6,
but just focusing on the defense isn't going to cut it.} ({Black needed to
introduce an element of counterplay:} 19... Nh5 20. Bxg7 Bg3 $3 {albeit White
has a choice of good responses to it, the most efficient being} 21. Rd1 Qe7 22.
Ke2 Re8 23. Bc3 Rxe3+ 24. Kf1) 20. Bxg7 Nxg7 21. Rxg7+ Kf8 22. Qh7 {From this
point on White's attack is irresistable.} Qf6 23. Ng5 Rxe3+ 24. Kf1 Nd8 25.
Qg8+ Ke7 26. h7 Bg3 {[#]} 27. Ne4 $1 {Still, Teimour had to see this one and
keep his nerve in the face of time trouble.} Rxe4 (27... Qf3) 28. Rxg3 Rh4 29.
Rd1 {A final stroke in this truly brilliant game. Black is forced to part with
a rook.} Rxh7 30. Re3+ Ne6 31. Qxa8 Rh8 32. Qc6 Kf8 33. Rxe6 Qxe6 34. Rd8+ Kg7
35. Qc3+ f6 36. Qxc7+ 1-0

[Event "Moscow Chess for TV"]
[Site "Moscow"]
[Date "2019.06.11"]
[Round "1.1"]
[White "Radjabov, Teimour"]
[Black "Gelfand, Boris"]
[Result "1/2-1/2"]
[WhiteElo "2759"]
[BlackElo "2676"]
[PlyCount "129"]
[EventDate "2019.06.10"]
[EventType "k.o."]
[EventRounds "6"]
[EventCountry "RUS"]
[SourceTitle "CBM 190 Extra"]
[Source "ChessBase"]
[SourceDate "2019.07.15"]
[SourceVersion "1"]
[SourceVersionDate "2019.07.15"]
[SourceQuality "1"]

1. d4 Nf6 2. c4 e6 3. Nf3 b6 4. g3 Ba6 5. b3 Bb4+ 6. Bd2 Be7 7. Bg2 O-O 8. O-O
d5 9. Ne5 c5 10. Bc3 Bb7 11. Nd2 Na6 12. Rc1 Re8 13. e3 cxd4 14. Bxd4 Ba3 15.
Rb1 Bf8 16. Qe2 Nb4 17. Rfd1 Rc8 18. Ndf3 Ne4 19. a3 Na6 20. cxd5 exd5 21. b4
Nc7 22. Nd2 Qe7 23. Ba1 Qe6 24. a4 Na6 25. Nd3 Bd6 26. Nf3 Nc3 27. Bxc3 Rxc3
28. Nd4 Qf6 29. Nb5 Rc4 30. Nxd6 Qxd6 31. Qd2 Rd8 32. h4 Qe7 33. Qb2 h6 34. Rd2
Rcc8 35. b5 Nc5 36. Nxc5 Rxc5 37. Rbd1 Rdc8 38. Bxd5 Bxd5 39. Rxd5 Rc2 40. Qe5
Qxe5 41. Rxe5 Ra2 42. Re4 g6 43. Rd7 g5 44. hxg5 hxg5 45. Kg2 Rcc2 46. Kh3 Rxf2
47. Re5 Rxa4 48. Rxg5+ Kf8 49. Rh5 Kg7 50. Rg5+ Kf6 51. Rg4 Raa2 52. Rf4+ Rxf4
53. exf4 Ke6 54. Rb7 f5 55. Kh4 Kf6 56. Kh3 Ra5 57. Kh4 Rxb5 58. Rxa7 Rb1 59.
Kh3 Kg6 60. g4 fxg4+ 61. Kxg4 b5 62. Ra6+ Kg7 63. Rb6 b4 64. Kg3 b3 65. Kg2
1/2-1/2

[Event "Moscow Chess for TV"]
[Site "Moscow"]
[Date "2019.06.11"]
[Round "1.2"]
[White "Gelfand, Boris"]
[Black "Radjabov, Teimour"]
[Result "0-1"]
[WhiteElo "2676"]
[BlackElo "2759"]
[PlyCount "106"]
[EventDate "2019.06.10"]
[EventType "k.o."]
[EventRounds "6"]
[EventCountry "RUS"]
[SourceTitle "CBM 190 Extra"]
[Source "ChessBase"]
[SourceDate "2019.07.15"]
[SourceVersion "1"]
[SourceVersionDate "2019.07.15"]
[SourceQuality "1"]

1. c4 Nf6 2. Nc3 Nc6 3. d4 e6 4. Nf3 d5 5. Bg5 Be7 6. e3 O-O 7. a3 a6 8. Qc2 h6
9. Bh4 Re8 10. Rd1 Rb8 11. Be2 dxc4 12. Bxc4 b5 13. Bd3 Bb7 14. Bxf6 Bxf6 15.
Ne4 Be7 16. O-O Qd5 17. Ned2 Qd7 18. Rc1 Bd6 19. Bh7+ Kh8 20. Be4 Ne7 21. Bxb7
Rxb7 22. Ne4 b4 23. Nc5 Bxc5 24. Qxc5 Nd5 25. Ne5 Qe7 26. Qxe7 Rxe7 27. Rc4
bxa3 28. bxa3 Kh7 29. g3 f6 30. Nc6 Rd7 31. Rfc1 Rb3 32. a4 Nb6 33. Rb4 Ra3 34.
a5 Nd5 35. Rb7 h5 36. h4 Ra2 37. e4 Ne7 38. Nb8 Rxd4 39. Rcxc7 Rd1+ 40. Kg2
Rdd2 41. Rxe7 Rxf2+ 42. Kg1 Rg2+ 43. Kf1 Rxg3 44. Nd7 Kh6 45. Rb8 Kh7 46. Nxf6+
Kg6 47. Ne8 Rf3+ 48. Ke1 Re3+ 49. Kd1 Rh3 50. Rxg7+ Kh6 51. Rg1 Ra1+ 52. Kd2
Rxg1 53. Rb6 Rg2+ 0-1

[Event "Moscow Chess for TV"]
[Site "Moscow"]
[Date "2019.06.13"]
[Round "2.1"]
[White "Kramnik, Vladimir"]
[Black "Radjabov, Teimour"]
[Result "1/2-1/2"]
[WhiteElo "2753"]
[BlackElo "2759"]
[PlyCount "139"]
[EventDate "2019.06.10"]
[EventType "k.o."]
[EventRounds "6"]
[EventCountry "RUS"]
[SourceTitle "CBM 190 Extra"]
[Source "ChessBase"]
[SourceDate "2019.07.15"]
[SourceVersion "1"]
[SourceVersionDate "2019.07.15"]
[SourceQuality "1"]

1. Nf3 Nf6 2. g3 g6 3. Bg2 Bg7 4. O-O O-O 5. d4 d5 6. c3 c6 7. Nbd2 Bf5 8. Nh4
Bg4 9. h3 Bc8 10. Kh2 Re8 11. e4 dxe4 12. Nxe4 Nxe4 13. Bxe4 Nd7 14. Bg2 e5 15.
dxe5 Nxe5 16. Qxd8 Rxd8 17. Bg5 Re8 18. Rad1 Be6 19. b3 h6 20. Bd2 Rad8 21. c4
Nd3 22. Nf3 b6 23. Be3 c5 24. Rd2 Nb4 25. Rfd1 Rxd2 26. Rxd2 Bf5 27. Nh4 Bb1
28. Rd7 Bxa2 29. Rxa7 Bxb3 30. Rb7 Re6 31. Bf1 Ba4 32. Rb8+ Kh7 33. Rb7 Be8 34.
Ng2 Nc2 35. Bd3 Nxe3 36. Nxe3 Bd4 37. Nd5 Kg7 38. Nc7 Re7 39. Nxe8+ Rxe8 40.
Kg2 Ra8 41. Re7 Ra3 42. Be2 Ra2 43. Kf3 Rc2 44. Rb7 Rb2 45. h4 h5 46. Re7 Kf6
47. Rd7 Ke6 48. Rb7 f6 49. Rg7 Rb3+ 50. Kg2 Kf5 51. Re7 g5 52. hxg5 Kxg5 53.
Rh7 Rb2 54. Kf3 f5 55. Rf7 Ra2 56. Rf8 Rb2 57. Rf7 Kg6 58. Rf8 Rd2 59. Rb8 Rb2
60. Rg8+ Kf7 61. Rb8 f4 62. Rd8 fxg3 63. fxg3 Rb3+ 64. Kg2 Rb2 65. Kf3 Ke7 66.
Rd5 Rb3+ 67. Kg2 Rb2 68. Kf3 Rb3+ 69. Kg2 Rb2 70. Kf3 1/2-1/2

[Event "Moscow Chess for TV"]
[Site "Moscow"]
[Date "2019.06.13"]
[Round "2.3"]
[White "Radjabov, Teimour"]
[Black "Kramnik, Vladimir"]
[Result "1/2-1/2"]
[WhiteElo "2759"]
[BlackElo "2753"]
[PlyCount "86"]
[EventDate "2019.06.10"]
[EventType "k.o."]
[EventRounds "6"]
[EventCountry "RUS"]
[SourceTitle "CBM 190 Extra"]
[Source "ChessBase"]
[SourceDate "2019.07.15"]
[SourceVersion "1"]
[SourceVersionDate "2019.07.15"]
[SourceQuality "1"]

1. e4 e5 2. Bc4 Nf6 3. d3 Bc5 4. Nf3 d6 5. O-O O-O 6. c3 Nc6 7. a4 a6 8. b4 Ba7
9. Be3 Bxe3 10. fxe3 Ne7 11. Nbd2 Ng6 12. Bb3 a5 13. b5 c6 14. c4 d5 15. cxd5
cxd5 16. Qe2 Be6 17. Ng5 Bg4 18. Qf2 h6 19. Ngf3 Be6 20. exd5 Bxd5 21. Bxd5
Qxd5 22. d4 Rad8 23. Rac1 exd4 24. Nxd4 Ng4 25. Qf3 Nxe3 26. Qxe3 Qxd4 27. Nc4
Qxe3+ 28. Nxe3 Ne5 29. Rc7 Rd7 30. Rxd7 Nxd7 31. Rc1 Nb6 32. Rc7 Rb8 33. Nf5
Nxa4 34. Nd6 b6 35. Nxf7 Nc5 36. Ne5 Re8 37. Nc4 Re1+ 38. Kf2 Rb1 39. Nxb6 Rxb5
40. Nc4 Ne4+ 41. Kf3 Rc5 42. Rxc5 Nxc5 43. Nxa5 Kf7 1/2-1/2

[Event "Moscow Chess for TV"]
[Site "Moscow"]
[Date "2019.06.14"]
[Round "3.1"]
[White "Radjabov, Teimour"]
[Black "Dubov, Daniil"]
[Result "1/2-1/2"]
[WhiteElo "2759"]
[BlackElo "2700"]
[PlyCount "159"]
[EventDate "2019.06.10"]
[EventType "k.o."]
[EventRounds "6"]
[EventCountry "RUS"]
[SourceTitle "CBM 190 Extra"]
[Source "ChessBase"]
[SourceDate "2019.07.15"]
[SourceVersion "1"]
[SourceVersionDate "2019.07.15"]
[SourceQuality "1"]

1. Nf3 d5 2. c4 d4 3. e3 Nc6 4. exd4 Nxd4 5. Nxd4 Qxd4 6. Nc3 Nf6 7. Be2 c6 8.
O-O e5 9. d3 Be7 10. Be3 Qd8 11. Qb3 O-O 12. Rad1 Qc7 13. d4 exd4 14. Rxd4 Be6
15. Rfd1 Bc5 16. Bf4 Qb6 17. Qxb6 axb6 18. R4d2 Rfe8 19. a3 h6 20. h3 Bf5 21.
Bf1 g5 22. Bd6 Bxd6 23. Rxd6 Kg7 24. R6d4 Re7 25. f3 Rd7 26. Kf2 Rxd4 27. Rxd4
Be6 28. Be2 Nd7 29. Ne4 Kf8 30. Nc3 Ke7 31. Rd2 Ne5 32. Rd4 f5 33. f4 Ng6 34.
fxg5 hxg5 35. Rd2 Ne5 36. Rd4 Kf6 37. Bf1 Ke7 38. Be2 Kf6 39. Bf1 Ra5 40. Be2
Ra7 41. Bf1 Ra8 42. Be2 Rh8 43. Bf1 g4 44. b3 gxh3 45. gxh3 Nf7 46. Kg3 Ke5 47.
Rd2 f4+ 48. Kf2 Ng5 49. Re2+ Kf5 50. Ke1 f3 51. Rd2 Kf4 52. Rd4+ Kg3 53. Rd6
Bxh3 54. Bxh3 Nxh3 55. Rg6+ Kf4 56. Rf6+ Kg4 57. Rg6+ Kf5 58. Rg7 Re8+ 59. Kd2
f2 60. Rf7+ Kg4 61. Ne2 Rd8+ 62. Ke3 Re8+ 63. Kd2 Re6 64. a4 c5 65. Rf8 Re4 66.
Rf7 Nf4 67. Rg7+ Kh4 68. Rh7+ Kg4 69. Rg7+ Kh4 70. Rh7+ Nh5 71. Rf7 f1=Q 72.
Rxf1 Rxe2+ 73. Kxe2 Ng3+ 74. Ke1 Nxf1 75. Kxf1 Kg3 76. Ke2 Kf4 77. Kf2 Ke4 78.
Ke2 Kd4 79. Kd2 Ke4 80. Ke2 1/2-1/2

[Event "Moscow Chess for TV"]
[Site "Moscow"]
[Date "2019.06.14"]
[Round "3.2"]
[White "Dubov, Daniil"]
[Black "Radjabov, Teimour"]
[Result "1/2-1/2"]
[WhiteElo "2700"]
[BlackElo "2759"]
[PlyCount "160"]
[EventDate "2019.06.10"]
[EventType "k.o."]
[EventRounds "6"]
[EventCountry "RUS"]
[SourceTitle "CBM 190 Extra"]
[Source "ChessBase"]
[SourceDate "2019.07.15"]
[SourceVersion "1"]
[SourceVersionDate "2019.07.15"]
[SourceQuality "1"]

1. Nf3 Nf6 2. c4 e6 3. d4 b6 4. Bf4 Bb7 5. e3 Be7 6. Nc3 Nh5 7. Bd3 d6 8. O-O
Nd7 9. Be4 Bxe4 10. Nxe4 O-O 11. Nc3 Re8 12. h3 Nxf4 13. exf4 Bf6 14. Re1 g6
15. g3 Bg7 16. Qd3 Nf6 17. d5 Qd7 18. Kg2 exd5 19. cxd5 c6 20. Rxe8+ Rxe8 21.
dxc6 Qxc6 22. Rd1 Ne4 23. Nxe4 Rxe4 24. Qxd6 Qxd6 25. Rxd6 Bxb2 26. Rd8+ Kg7
27. Rd7 Bf6 28. Rxa7 b5 29. Ra5 Re2 30. a3 Rb2 31. Ne5 Bxe5 32. fxe5 b4 33.
axb4 Rxb4 34. Ra7 Kg8 35. Ra8+ Kg7 36. Ra7 Kg8 37. Ra3 Kg7 38. f4 h5 39. Kf3
Rc4 40. Rb3 Ra4 41. Rc3 Rb4 42. Ra3 Rc4 43. g4 hxg4+ 44. hxg4 Rc1 45. Ra7 Rf1+
46. Ke4 Rg1 47. Kf3 Rf1+ 48. Kg3 Rg1+ 49. Kh4 Re1 50. Kg5 Re2 51. Re7 Re4 52.
Ra7 Re1 53. Ra6 Re2 54. Ra1 Re3 55. Ra5 Re1 56. Ra7 Re2 57. Ra5 Re1 58. Rb5 Re2
59. Kh4 Re1 60. f5 gxf5 61. gxf5 Rf1 62. Kg5 Rg1+ 63. Kf4 Rf1+ 64. Ke4 Re1+ 65.
Kd5 Rf1 66. f6+ Kg6 67. Kd6 Ra1 68. Rb7 Ra6+ 69. Kd5 Ra5+ 70. Ke4 Ra4+ 71. Kd5
Ra5+ 72. Kd4 Ra4+ 73. Kc5 Ra5+ 74. Kd6 Ra6+ 75. Ke7 Re6+ 76. Kf8 Rxe5 77. Rxf7
Re6 78. Kg8 Re8+ 79. Rf8 Rxf8+ 80. Kxf8 Kxf6 1/2-1/2